00265nam a22001217a 4500003000400000020001100004082000800015100001800023245006200041250000800103260002400111300000800135SGT a651.74 aSIN aSINHA, P.R.N. aINDUSTRIAL RELATIONS, TRADE UNIONS AND LABOUR LEGISLATION a3RD aPEARSON INDIAc2017 a792